00924nam a2200193 i 4500001000700000003000700007005001700014008004100031100004600072245008400118260005100202300003900253490008900292500001400381650003100395650002700426830008900453852018800542189615SpMaBN20250815110945.0190703s1869 fr bf |||| | fre d1 aÉlie de Beaumont, Léonce, d1798-187410aRapport sur les progrés de la stratigraphie / cpar M. L. Élie de Beaumont. aParis : bLib. de L. Hachette et Cie., c1869. a572 p., [2] mapas pleg. ; c27 cm.1 aRecueil de rapports sur l'état des lettres et les progrés des sciences en France aÍndice. 4aEstratigrafía-zFrancia. 7aGeología-zFrancia20 aRecueil de rapports sur l'état des lettres et les progrés des sciences en France aES-MaACLjL-32451(1) z- Enc. cart. z. - Legado Federico de Botella y de Hornos z- Enc. en un vol. facticio, con tít. en el lomo de: Rapport sur les progrés de la stratigraphie